书目信息 |
| 题名: |
全球舰艇图鉴大全
|
|
| 作者: | ;军情视点 编 | |
| 分册: | ||
| 出版信息: | 北京 化学工业出版社 2016 |
|
| 页数: | 330页 | |
| 开本: | 24cm | |
| 丛书名: | ||
| 单 册: | ||
| 中图分类: | E925.6-64 | |
| 科图分类: | ||
| 主题词: | 军用船--jun yong chuan--世界--图集 | |
| 电子资源: | ||
| ISBN: | 978-7-122-26535-7 | |
| 000 | 00912nam0 22002291 450 | |
| 001 | 0117143947 | |
| 005 | 20170617143947.0 | |
| 010 | @a978-7-122-26535-7@dCNY59.80 | |
| 100 | @a20160519d2016 em y0chiy50 ea | |
| 101 | 0 | @achi |
| 102 | @aCN@b110000 | |
| 105 | @aa z 000yy | |
| 106 | @ar | |
| 200 | 1 | @a全球舰艇图鉴大全@Aquan qiu jian ting tu jian da quan@f军情视点编 |
| 210 | @a北京@c化学工业出版社@d2016 | |
| 215 | @a330页@d24cm | |
| 330 | @a本书精心选取了各国自二十世纪以来研制的数百款经典战舰,包括航空母舰、驱逐舰、护卫舰、潜艇和两栖舰艇等。书中对每款战舰的诞生历史、性能数据、主体结构、作战性能和重大事件等进行了详细介绍;每款战舰都有影响力指数评比,标准包括作战性能、技术创新、参战次数和服役时长等。 | |
| 606 | 0 | @a军用船@Ajun yong chuan@y世界@j图集 |
| 690 | @aE925.6-64@v5 | |
| 711 | 02 | @a军情视点@Ajun qing shi dian@4编 |
| 801 | 0 | @aCN@bTANG WEI@c20170608 |
| 905 | @b0972634-7@dE925.6-64@e40@f4 | |
| 全球舰艇图鉴大全/军情视点编.-北京:化学工业出版社,2016 |
| 330页;24cm |
| ISBN 978-7-122-26535-7:CNY59.80 |
| 本书精心选取了各国自二十世纪以来研制的数百款经典战舰,包括航空母舰、驱逐舰、护卫舰、潜艇和两栖舰艇等。书中对每款战舰的诞生历史、性能数据、主体结构、作战性能和重大事件等进行了详细介绍;每款战舰都有影响力指数评比,标准包括作战性能、技术创新、参战次数和服役时长等。 |
| ● |
| 相关链接 |
|
|
|
|
正题名:全球舰艇图鉴大全
索取号:E925.6-64/40
 
预约/预借
| 序号 | 登录号 | 条形码 | 馆藏地/架位号 | 状态 | 备注 |
| 1 | 0972634 | 209726340 | 第一样本阅览室/ [索取号:E925.6-64/40] | 在馆 | |
| 2 | 0972635 | 209726359 | 第一借阅区/ [索取号:E925.6-64/40] |
已借出,限还日期为2027.03.17 借出人:丁新龙 |
|
| 3 | 0972636 | 209726368 | 第一借阅区/ [索取号:E925.6-64/40] | 在馆 | |
| 4 | 0972637 | 209726377 | 第一借阅区/ [索取号:E925.6-64/40] | 在馆 |